Portugal e o Brasil (Record no. 151079)
[ view plain ]
| 000 -LEADER | |
|---|---|
| campo de control de longitud fija | 00834nam a2200193 i 4500 |
| 001 - NÚMERO DE CONTROL | |
| campo de control | 151079 |
| 003 - IDENTIFICADOR DE NÚMERO DE CONTROL | |
| campo de control | ES-MaACL |
| 005 - FECHA Y HORA DE LA ÚLTIMA TRANSACCIÓN | |
| campo de control | 20230906203828.0 |
| 007 - CAMPO FIJO DE DESCRIPCIÓN FÍSICA--INFORMACIÓN GENERAL | |
| campo de control de longitud fija | t| |
| 008 - DATOS DE LONGITUD FIJA--INFORMACIÓN GENERAL | |
| campo de control de longitud fija | 071204s1966 ne ||||1| por d |
| 110 2# - ENTRADA PRINCIPAL--NOMBRE DE ENTIDAD CORPORATIVA | |
| Nombre de entidad corporativa o nombre de jurisdicción como elemento de entrada | Rijksuniversiteit te Utrecht. |
| Unidad subordinada | Bibliotheek. |
| 9 (RLIN) | 6452 |
| 245 10 - MENCIÓN DEL TÍTULO | |
| Título | Portugal e o Brasil |
| Resto del título | : catálogo de livros portugueses e publicacôes estrangeiras sobre Portugal e o Brasil / |
| Mención de responsabilidad, etc. | editado pela Biblioteca da Universidade de Utrecht em colaboracâo com o Instituto de Estudos Hispânicos, Portugueses e Ibero-Americanos da Universidade de Utrecht. |
| 260 ## - PUBLICACIÓN, DISTRIBUCIÓN, ETC. | |
| Lugar de publicación, distribución, etc. | Utrecht : |
| Nombre del editor, distribuidor, etc. | Universiteits Bibliotheek, |
| Fecha de publicación, distribución, etc. | 1966. |
| 300 ## - DESCRIPCIÓN FÍSICA | |
| Extensión | VIII, 382 p. ; |
| Dimensiones | 24 cm. |
| 505 8# - NOTA DE CONTENIDO CON FORMATO | |
| Nota de contenido con formato | Contiene: Tº 3º |
| 651 #4 - PUNTO DE ACCESO ADICIONAL DE MATERIA--NOMBRE GEOGRÁFICO | |
| Nombre geográfico | Portugal- |
| Subdivisión general | Bibliografías. |
| 9 (RLIN) | 9248 |
| 651 #4 - PUNTO DE ACCESO ADICIONAL DE MATERIA--NOMBRE GEOGRÁFICO | |
| Nombre geográfico | Brasil- |
| Subdivisión general | Bibliografías. |
| 9 (RLIN) | 7889 |
| 852 ## - LOCALIZACIÓN | |
| Ubicación | ES-MaACL |
| Número de control de estantería | C-31215 |
| Sublocalización o colección | R.61909 |
| Estatus retirado | Estado de pérdida | Estado de daño | No para préstamo | Biblioteca de origen | Biblioteca actual | Ubicación en estantería | Fecha de adquisición | Fuente de adquisición | Total de préstamos | Signatura topográfica completa | Código de barras | Visto por última vez | Precio de reemplazo | Tipo de ítem Koha |
|---|---|---|---|---|---|---|---|---|---|---|---|---|---|---|
| Biblioteca del Ateneo de Madrid | Biblioteca del Ateneo de Madrid | Depósito 2 | 17/01/2008 | C-31215 | 1157650 | 23/02/2023 | 23/02/2023 | Libro impreso |
